[Event "Asia-ch Amateur"]
[Site "Dubai"]
[Date "2023.09.02"]
[Round "8"]
[White "Saydulla, Bakdaulet"]
[Black "Liyanage, Pesandu Rashmitha"]
[Result "1/2-1/2"]
[WhiteElo "1869"]
[BlackElo "1830"]
[PlyCount "60"]
[EventDate "2023.08.28"]
[EventType "swiss"]
[EventRounds "9"]
[EventCountry "UAE"]
[SourceTitle "EXT 2024"]
[Source "ChessBase"]
[SourceDate "2023.10.10"]
[SourceVersion "1"]
[SourceVersionDate "2023.10.10"]
[SourceQuality "1"]

1. d4 Nf6 2. c4 c5 3. d5 b5 4. cxb5 a6 5. bxa6 g6 6. Nc3 Bg7 7. e4 0-0 8. Nf3 Qa5 9. Bd3 Nxd5 10. exd5 Bxc3+ 11. Nd2 Bg7 12. 0-0 Bxa6 13. Nc4 Qc7 14. Rb1 Bb7 15. Be4 Rxa2 16. Na3 Ba6 17. Re1 c4 18. Bc2 d6 19. Re3 Rc8 20. h4 Bb7 21. Re4 Ba6 22. h5 Nd7 23. hxg6 hxg6 24. Rxe7 Bf6 25. Bxg6 Bxe7 26. Bxf7+ Kxf7 27. Qh5+ Kg8 28. Qg6+ Kh8 29. Qh6+ Kg8 30. Qg6+ Kh8 1/2-1/2

[Event "Asia-ch Amateur"]
[Site "Dubai"]
[Date "2023.08.31"]
[Round "6"]
[White "Saydulla, Bakdaulet"]
[Black "Bigabylov, Zhuban"]
[Result "1-0"]
[WhiteElo "1869"]
[BlackElo "1935"]
[PlyCount "93"]
[EventDate "2023.08.28"]
[EventType "swiss"]
[EventRounds "9"]
[EventCountry "UAE"]
[SourceTitle "EXT 2024"]
[Source "ChessBase"]
[SourceDate "2023.10.10"]
[SourceVersion "1"]
[SourceVersionDate "2023.10.10"]
[SourceQuality "1"]

1. d4 Nf6 2. c4 g6 3. Nc3 Bg7 4. e4 d6 5. Be2 0-0 6. Bg5 c5 7. d5 h6 8. Bf4 e6 9. dxe6 Bxe6 10. Qd2 Kh7 11. Nf3 Qb6 12. 0-0 Nc6 13. Qc2 Ng4 14. Rad1 Nce5 15. Nd2 Nc6 16. Nf3 Rad8 17. Rd2 Nge5 18. Bxe5 dxe5 19. Nd5 Qa5 20. Rd3 Rd7 21. Rfd1 Kh8 22. h3 a6 23. Qc1 Qd8 24. Ne3 Nd4 25. Nxd4 cxd4 26. Nd5 f5 27. Bf3 Qh4 28. g3 Qxh3 29. Rxd4 f4 30. Bg2 Qg4 31. R4d3 Rdf7 32. R1d2 f3 33. Ne3 Qxe4 34. Bf1 Kh7 35. Rd6 Bc8 36. Bd3 Qxe3 37. fxe3 f2+ 38. Kg2 e4 39. Bf1 Bg4 40. Rd8 Bf3+ 41. Kh2 Rf5 42. Rxf8 Rh5+ 43. Bh3 Bxf8 44. Rxf2 g5 45. Rxf3 exf3 46. Qc2+ Kg7 47. Qf5 1-0

[Event "Asia-ch Amateur"]
[Site "Dubai"]
[Date "2023.08.28"]
[Round "1"]
[White "Rashed Abubaker, Alhemeiri"]
[Black "Saydulla, Bakdaulet"]
[Result "1/2-1/2"]
[WhiteElo "1508"]
[BlackElo "1869"]
[PlyCount "45"]
[EventDate "2023.08.28"]
[EventType "swiss"]
[EventRounds "9"]
[EventCountry "UAE"]
[SourceTitle "EXT 2024"]
[Source "ChessBase"]
[SourceDate "2023.10.10"]
[SourceVersion "1"]
[SourceVersionDate "2023.10.10"]
[SourceQuality "1"]

1. e4 e5 2. Nf3 Nc6 3. g3 g6 4. Bg2 Bg7 5. Nc3 Nge7 6. 0-0 0-0 7. d3 d6 8. Be3 f5 9. Qd2 Nd4 10. Bg5 Nxf3+ 11. Bxf3 c6 12. Bg2 Rf7 13. Bh6 Bh8 14. Rad1 Be6 15. b3 f4 16. f3 Bf6 17. h4 fxg3 18. Bg5 Qb6+ 19. Kh1 Qb4 20. Bxf6 Rxf6 21. Qg5 Kg7 22. Ne2 h6 23. Qxg3 1/2-1/2